000 00317nam a2200145Ia 4500
999 _c6641
_d6641
003 0100
008 130227s9999 xx 000 0 und d
040 _cARRUPELIB
050 _aBX1685.C34 1987
100 _aCampion, Edmund.
_947950
245 _aAustralian catholics
260 _aAustralia:
_bPenguin Books,
_c1988.
300 _a280p. ;
_c21cm.
942 _2lcc
_cMONOGRAPH